000 02003cam a2200469 a 4500
001 7824227
003 ARRUPE
005 20130919162854.0
008 940429s1982 enk b 101 0 eng c
010 _a 57036875
020 _a0080257798
020 _a9780080257792
029 1 _aNZ1
_b4496040
029 1 _aAU@
_b000002341245
035 _a(OCoLC)ocm30351138
035 _a(OCoLC)30351138
_z(OCoLC)63602535
_z(OCoLC)233994173
035 _a(NNC)7824227
040 _aDDC
_cDDC
_dOCL
_dUX0
_dYDXCP
_dUBY
041 0 _aeng
_afre
_ager
042 _apcc
050 4 _aBR67
_b.I58 v. 17
082 4 _a270.1
_219
111 2 _aInternational Conference on Patristic Studies
_n(8th :
_d1979 :
_cOxford, England)
_9746
245 1 0 _aStudia patristica.
_nVol. XVII in three parts /
_cedited by Elizabeth A. Livingstone.
250 _a1st ed.
260 _aOxford ;
_aNew York :
_bPergamon Press,
_c1982.
300 _a3 v. (xx, 1405 p.) ;
_c24 cm.
490 1 _aStudia patristica ;
_vv. 17
500 _aPapers presented at the Eighth International Conference on Patristic Studies, Oxford, Sept. 3-8, 1979.
504 _aIncludes bibliographical references and index.
505 0 _a(Each volume has the following parts) pt.1. Historica, theologica, gnostica, biblica, critica, classica -- pt. 2. Ascetica, liturgica, second century, Tertullian to Nicaea in the West, Origen -- pt. 3. Athanasius, Cappadocian fathers, Chrysostom, Augustine and his opponents, oriental texts.
546 _aIn English, French or German.
650 0 _aFathers of the church
_vCongresses.
_9747
650 0 _aChristian literature, Early
_vCongresses.
_9748
650 0 _aChurch history
_yPrimitive and early church, ca. 30-600
_vCongresses.
_9749
700 1 _aLivingstone, Elizabeth A.
_9750
811 2 _aInternational Conference on Patristic Studies.
_tStudia patristica ;
_v17.
_9751
936 _aPR 183214505 150360267
942 _2lcc
_cMONOGRAPH
948 2 _a20100701
_be
_cdm820
_dMPS
999 _c117923
_d117923